[Event "Monarch Assurance Isle of Man 16th"]
[Site "Port Erin"]
[Date "2007.09.22"]
[Round "1.33"]
[White "Taylor, Peter P"]
[Black "Fox, Anthony"]
[Result "1-0"]
[WhiteElo "2209"]
[BlackElo "2084"]
[PlyCount "143"]
[EventDate "2007.09.22"]
[EventType "swiss"]
[EventRounds "9"]
[EventCountry "IOM"]

1. d4 d5 2. c4 e6 3. Nc3 Nf6 4. cxd5 exd5 5. Bg5 c6 6. e3 Be7 7. Bd3 Nbd7 8.
Nge2 O-O 9. Qc2 Re8 10. O-O Nf8 11. f3 Be6 12. Rae1 Rc8 13. Kh1 N6d7 14. Bxe7
Qxe7 15. Qd2 Nb6 16. Nf4 Qd6 17. Qf2 Bd7 18. Nh5 g6 19. Ng3 Ne6 20. e4 Nf4 21.
Bb1 f6 22. Qd2 Nc4 23. Qc1 Ne6 24. Rd1 Nf4 25. b3 Nb6 26. Rde1 Rf8 27. Nce2
Nxe2 28. Nxe2 Rce8 29. Qh6 Rf7 30. Qd2 Rfe7 31. Rc1 Be6 32. Qc3 Bf7 33. Ng3 h5
34. Qd2 Kg7 35. Rce1 h4 36. Ne2 Rd7 37. Rd1 Rde7 38. h3 Rd7 39. Qe1 Rh8 40. Qf2
Re7 41. Nc1 Nd7 42. Rfe1 b6 43. Nd3 Rh5 44. b4 Re8 45. Rc1 a5 46. a3 axb4 47.
axb4 dxe4 48. fxe4 Rg5 49. Rcd1 Qg3 50. Qxg3 Rxg3 51. Rc1 Nb8 52. e5 f5 53. b5
cxb5 54. Rc7 Kf8 55. Nf4 Bc4 56. d5 Na6 57. Rb7 Nc5 58. Rxb6 Nd7 59. Rxg6 Rxe5
60. Rxe5 Nxe5 61. Re6 Nd3 62. Bxd3 Bxd3 63. d6 Kf7 64. d7 Rg8 65. Rd6 Rd8 66.
Rxd3 Ke7 67. Kg1 Rxd7 68. Rxd7+ Kxd7 69. Kf2 b4 70. Ke3 Kc6 71. Kd3 Kc5 72. Ng6
1-0

[Event "Monarch Assurance Isle of Man 16th"]
[Site "Port Erin"]
[Date "2007.09.22"]
[Round "1.34"]
[White "Obers, Frits"]
[Black "Smokina, Karolina"]
[Result "1/2-1/2"]
[WhiteElo "2073"]
[BlackElo "2205"]
[PlyCount "92"]
[EventDate "2007.09.22"]
[EventType "swiss"]
[EventRounds "9"]
[EventCountry "IOM"]

1. c4 e5 2. g3 g6 3. d4 d6 4. dxe5 dxe5 5. Qxd8+ Kxd8 6. Bg2 c6 7. Nf3 f6 8.
O-O Be6 9. b3 Na6 10. Nc3 Kc7 11. Bb2 Bg7 12. Rfd1 Nh6 13. Rac1 Rad8 14. Nb5+
Kb8 15. Nd6 Nf7 16. Nxf7 Bxf7 17. Kf1 Be6 18. Bc3 Kc8 19. Ke1 Rxd1+ 20. Rxd1
Bf8 21. Rd2 Nc5 22. Rd1 Ne4 23. Bb2 Bb4+ 24. Kf1 Rd8 25. Rxd8+ Kxd8 26. a3 Be7
27. Ke1 Nc5 28. Nd2 Bf5 29. Kd1 Kc7 30. Kc1 a5 31. Bc3 b6 32. Kb2 g5 33. f3 Bd7
34. e3 Nd3+ 35. Ka2 Nf2 36. Ne4 Nd1 37. Bd2 Bf5 38. Nc3 Nxc3+ 39. Bxc3 Bd3 40.
Kb2 a4 41. Bb4 c5 42. Bc3 Bd6 43. Bd2 axb3 44. Kxb3 f5 45. f4 g4 46. Bd5 exf4
1/2-1/2

[Event "Monarch Assurance Isle of Man 16th"]
[Site "Port Erin"]
[Date "2007.09.22"]
[Round "1.35"]
[White "Egozi, Nadav"]
[Black "Tate, Alan"]
[Result "0-1"]
[WhiteElo "2205"]
[BlackElo "2053"]
[PlyCount "62"]
[EventDate "2007.09.22"]
[EventType "swiss"]
[EventRounds "9"]
[EventCountry "IOM"]

1. d4 Nf6 2. c4 e6 3. Nf3 d5 4. Nc3 Bb4 5. Bg5 h6 6. Bh4 g5 7. Bg3 Ne4 8. Qc2
h5 9. cxd5 exd5 10. Nd2 Nxd2 11. Qxd2 h4 12. Qe3+ Kf8 13. Be5 f6 14. Qf3 Kg7
15. O-O-O Bxc3 16. bxc3 fxe5 17. dxe5 Rf8 18. Qe3 Nc6 19. g3 h3 20. e6 Rf5 21.
Bxh3 Re5 22. Qd2 Bxe6 23. f4 Re4 24. Bxe6 Rxe6 25. fxg5 Qe7 26. Rhe1 Rd8 27. h4
Ne5 28. h5 Nc4 29. h6+ Kg8 30. h7+ Qxh7 31. g6 Qe7 0-1

[Event "Monarch Assurance Isle of Man 16th"]
[Site "Port Erin"]
[Date "2007.09.22"]
[Round "1.36"]
[White "Majer, Chris E"]
[Black "Ly, Moulthun"]
[Result "0-1"]
[WhiteElo "2041"]
[BlackElo "2295"]
[PlyCount "120"]
[EventDate "2007.09.22"]
[EventType "swiss"]
[EventRounds "9"]
[EventCountry "IOM"]

1. e4 e6 2. d4 d5 3. e5 c5 4. c3 Nc6 5. Nf3 Bd7 6. Bd3 cxd4 7. cxd4 Qb6 8. O-O
Nxd4 9. Nbd2 Nxf3+ 10. Nxf3 Bc5 11. b4 Qxb4 12. Rb1 Qa4 13. Qe2 b6 14. Bg5 h6
15. Bd2 Ne7 16. Rfc1 Rc8 17. Ba6 Rc7 18. Be3 O-O 19. Bd3 Rfc8 20. Bc2 Qa3 21.
Rb3 Bxe3 22. Bh7+ Kxh7 23. Rxc7 Rxc7 24. Rxa3 Rc1+ 25. Ne1 Bc5 26. Rb3 Nf5 27.
Qd2 Nd4 28. Rb1 Rxb1 29. Qd3+ Kg8 30. Qxb1 Ne2+ 31. Kf1 Nf4 32. Kg1 a6 33. g3
Nh3+ 34. Kg2 Nxf2 35. Nd3 Nxd3 36. Qxd3 Bb5 37. Qc2 Bc4 38. h4 b5 39. Qc3 Bf8
40. a3 h5 41. Kf3 g6 42. Qa5 Kg7 43. Ke3 Bc5+ 44. Kd2 Bd4 45. Qc7 a5 46. Qd6 b4
47. axb4 axb4 48. Qxb4 Bxe5 49. Qa3 Bf1 50. Qe3 Bf6 51. Qf4 Bh3 52. Qf2 Bf5 53.
Qf3 d4 54. Qc6 d3 55. Qc5 g5 56. Qf2 Kg6 57. Qg1 Bg7 58. Kd1 Bc3 59. Qe3 Bg4+
60. Kc1 d2+ 0-1

[Event "Monarch Assurance Isle of Man 16th"]
[Site "Port Erin"]
[Date "2007.09.22"]
[Round "1.37"]
[White "Jackson, Oliver A"]
[Black "Cafolla, Peter"]
[Result "1-0"]
[WhiteElo "2198"]
[BlackElo "2034"]
[PlyCount "47"]
[EventDate "2007.09.22"]
[EventType "swiss"]
[EventRounds "9"]
[EventCountry "IOM"]

1. e4 c5 2. Nc3 a6 3. f4 b5 4. Nf3 Bb7 5. d3 g6 6. g3 Bg7 7. Bg2 e6 8. O-O b4
9. Ne2 Ne7 10. Qe1 O-O 11. g4 d5 12. Ng3 a5 13. f5 dxe4 14. dxe4 exf5 15. gxf5
Ba6 16. Rf2 Nbc6 17. Be3 Bxb2 18. Bxc5 Re8 19. Rd1 Bc3 20. Rxd8 Bxe1 21. Rxe8+
Rxe8 22. Nxe1 Bc4 23. a3 a4 24. Bf1 1-0

[Event "Monarch Assurance Isle of Man 16th"]
[Site "Port Erin"]
[Date "2007.09.22"]
[Round "1.38"]
[White "Spanton, Tim"]
[Black "Wright, William"]
[Result "0-1"]
[WhiteElo "1982"]
[BlackElo "2186"]
[PlyCount "60"]
[EventDate "2007.09.22"]
[EventType "swiss"]
[EventRounds "9"]
[EventCountry "IOM"]

1. e4 e6 2. d3 c5 3. Nf3 Nc6 4. g3 d5 5. Nbd2 Nf6 6. Bg2 Be7 7. O-O O-O 8. e5
Nd7 9. Re1 b5 10. Qe2 a5 11. Nf1 Ba6 12. h4 b4 13. N1h2 c4 14. Bf4 cxd3 15.
cxd3 Nc5 16. Red1 Qb6 17. Rac1 Rfc8 18. Ng4 b3 19. a3 Na4 20. h5 Nd4 21. Qd2
Nxf3+ 22. Bxf3 Rc2 23. Rxc2 bxc2 24. Qxc2 Nxb2 25. Rb1 Bxa3 26. Be2 Rc8 27. Qd2
Qb4 28. Qe3 d4 29. Qd2 Qxd2 30. Bxd2 Rc2 0-1

[Event "Monarch Assurance Isle of Man 16th"]
[Site "Port Erin"]
[Date "2007.09.22"]
[Round "1.39"]
[White "Van den Bersselaar, Jeroen"]
[Black "Marks, Ian A"]
[Result "0-1"]
[WhiteElo "2183"]
[BlackElo "1914"]
[PlyCount "178"]
[EventDate "2007.09.22"]
[EventType "swiss"]
[EventRounds "9"]
[EventCountry "IOM"]

1. d4 Nf6 2. c4 e6 3. Nc3 Bb4 4. e3 d5 5. a3 Be7 6. Nf3 O-O 7. Bd3 b6 8. O-O
Bb7 9. cxd5 exd5 10. Ne5 c5 11. b3 Nc6 12. Ne2 Rc8 13. Bb2 Re8 14. Ng3 Bf8 15.
Rc1 g6 16. Bb5 Re6 17. Qf3 Nxe5 18. dxe5 a6 19. Be2 Nd7 20. Qf4 Bg7 21. Bg4 Re8
22. Rfd1 Rc7 23. e4 d4 24. Bxd7 Bxe5 25. Qd2 Qxd7 26. f4 Bg7 27. Qd3 Bh6 28.
Rf1 Qc8 29. e5 Qa8 30. Rc2 Bc6 31. Rff2 Qb7 32. Qe2 Rce7 33. Qg4 Bd7 34. Qh4
Bg7 35. Rce2 Bc6 36. f5 Rxe5 37. fxg6 fxg6 38. Rxe5 Bxe5 39. Qg4 Bxg3 40. hxg3
Re4 41. Qg5 Qe7 42. Qd2 Qe5 43. Qh6 Qe7 44. Bc1 Re5 45. g4 Bd7 46. Bf4 Re1+ 47.
Kh2 Bxg4 48. Bg3 Re6 49. Qf4 Bf5 50. Qb8+ Kg7 51. Rf1 d3 52. Bf4 Qh4+ 53. Kg1
d2 54. Be5+ Kf7 55. Qb7+ Qe7 56. Qd5 Ke8 57. Bf4 Re2 58. Bxd2 Qe4 59. Qg8+ Kd7
60. Qf7+ Kc6 61. Qf6+ Qe6 62. Qc3 Qd5 63. Rf2 Rxf2 64. Kxf2 Qd4+ 65. Qxd4 cxd4
66. Bg5 Kd5 67. Bd8 b5 68. a4 bxa4 69. bxa4 Kc4 70. Ke2 Kb3 71. a5 Kc2 72. Bg5
Bg4+ 73. Ke1 Kd3 74. Bh6 Ke4 75. Kf2 Kf5 76. g3 g5 77. Bf8 h5 78. Be7 Bd1 79.
Bd8 Kg4 80. Be7 h4 81. gxh4 gxh4 82. Bd6 Kf5 83. Be7 h3 84. Bd6 Ke4 85. Kg3 d3
86. Bb4 Bg4 87. Bd2 Be6 88. Kf2 Kd4 89. Kf3 Kc4 0-1

[Event "Monarch Assurance Isle of Man 16th"]
[Site "Port Erin"]
[Date "2007.09.22"]
[Round "1.40"]
[White "Nicholson, John"]
[Black "Yeo, Michael J"]
[Result "0-1"]
[WhiteElo "1910"]
[BlackElo "2153"]
[PlyCount "30"]
[EventDate "2007.09.22"]
[EventType "swiss"]
[EventRounds "9"]
[EventCountry "IOM"]

1. e4 e5 2. Nf3 Nc6 3. Bb5 a6 4. Ba4 d6 5. c3 f5 6. d3 Nf6 7. Bg5 Be7 8. Nbd2
O-O 9. O-O Kh8 10. Re1 Qe8 11. d4 b5 12. Bb3 Nxe4 13. Nxe4 fxe4 14. Rxe4 Bxg5
15. Nxg5 Qg6 0-1

[Event "Monarch Assurance Isle of Man 16th"]
[Site "Port Erin"]
[Date "2007.09.22"]
[Round "1.41"]
[White "Troyke, Doreen"]
[Black "Johnson, Paul A"]
[Result "1-0"]
[WhiteElo "2151"]
[BlackElo "1820"]
[PlyCount "111"]
[EventDate "2007.09.22"]
[EventType "swiss"]
[EventRounds "9"]
[EventCountry "IOM"]

1. c4 c6 2. g3 d5 3. Bg2 Nf6 4. Nf3 e6 5. O-O Bd6 6. b3 Nbd7 7. Bb2 O-O 8. Nc3
Re8 9. d3 e5 10. cxd5 cxd5 11. Nb5 Nb6 12. Rc1 a6 13. Nxd6 Qxd6 14. d4 e4 15.
Ne5 Bf5 16. h3 h6 17. Qd2 Rac8 18. Rxc8 Rxc8 19. Rc1 Qf8 20. Qa5 Rxc1+ 21. Bxc1
Qd6 22. Ba3 Qe6 23. g4 Bg6 24. Nxg6 fxg6 25. e3 Kh7 26. Qc5 Nfd7 27. Qc7 Qc6
28. Qxc6 bxc6 29. Bf1 Nb8 30. Bd6 N6d7 31. Kg2 g5 32. Kg3 Kg6 33. b4 Kf6 34. h4
gxh4+ 35. Kxh4 g6 36. Be2 Ke6 37. Bc7 Ke7 38. g5 h5 39. f3 exf3 40. Bd3 Kf7 41.
Kg3 Kg7 42. Kxf3 Kf7 43. Kf4 Kg7 44. Bf1 Kf7 45. Bh3 Ke7 46. Bf1 Ke6 47. e4
dxe4 48. Kxe4 Ke7 49. d5 Kf7 50. Kd4 Ke7 51. a4 Kf7 52. a5 Ke7 53. Bg2 cxd5 54.
Kxd5 Kf7 55. Kd6 Ke8 56. Bh3 1-0

[Event "Monarch Assurance Isle of Man 16th"]
[Site "Port Erin"]
[Date "2007.09.23"]
[Round "2.3"]
[White "Efimenko, Zahar"]
[Black "Iordachescu, Viorel"]
[Result "1/2-1/2"]
[WhiteElo "2624"]
[BlackElo "2584"]
[PlyCount "125"]
[EventDate "2007.09.22"]
[EventType "swiss"]
[EventRounds "9"]
[EventCountry "IOM"]

1. e4 c6 2. d4 d5 3. e5 Bf5 4. Nf3 e6 5. Be2 Nd7 6. O-O Ne7 7. Nbd2 Nc8 8. b3
Bb4 9. Bb2 O-O 10. c4 Ne7 11. a3 Ba5 12. b4 Bc7 13. Nh4 dxc4 14. Nxf5 Nxf5 15.
Nxc4 Nb6 16. Na5 Rb8 17. Bd3 g6 18. Be4 Re8 19. Rc1 Nd5 20. Nb3 a5 21. Bxd5
Qxd5 22. Rc5 Qd8 23. bxa5 b6 24. axb6 Bxb6 25. Rxc6 Qd5 26. Rc3 Rec8 27. Rxc8+
Rxc8 28. Nc5 h5 29. Re1 Bxc5 30. dxc5 Qxc5 31. Qc1 Qf8 32. Qd2 Rd8 33. Qb4 Qe8
34. h3 Rb8 35. Qc3 Ne7 36. Bc1 Nd5 37. Qd3 Ra8 38. Re4 Kg7 39. Bd2 Ra7 40. Kh2
Qa8 41. Bb4 Nxb4 42. axb4 Ra3 43. Qc4 Qd8 44. Qd4 Qxd4 45. Rxd4 g5 46. f3 Re3
47. Re4 Rb3 48. h4 Kg6 49. Kg3 Rb2 50. hxg5 Kxg5 51. Rc4 Kg6 52. Kh3 Kf5 53. f4
h4 54. g4+ hxg3 55. Kxg3 Rb3+ 56. Kf2 f6 57. exf6 Kxf6 58. Ke2 e5 59. Kd2 exf4
60. Rxf4+ Ke5 61. Kc2 Rh3 62. Rc4 Kd6 63. Rc5 1/2-1/2

[Event "Monarch Assurance Isle of Man 16th"]
[Site "Port Erin"]
[Date "2007.09.23"]
[Round "2.5"]
[White "Bartel, Mateusz"]
[Black "Georgiev, Vladimir"]
[Result "1-0"]
[WhiteElo "2609"]
[BlackElo "2567"]
[PlyCount "81"]
[EventDate "2007.09.22"]
[EventType "swiss"]
[EventRounds "9"]
[EventCountry "IOM"]

1. e4 e5 2. Nf3 Nc6 3. Bb5 a6 4. Ba4 Nf6 5. O-O Bc5 6. c3 b5 7. Bb3 d6 8. d3
Bb6 9. a4 Bd7 10. Bg5 Ne7 11. d4 Ng6 12. axb5 Bxb5 13. c4 Bc6 14. Ba4 Bxa4 15.
Qxa4+ Qd7 16. Bxf6 gxf6 17. Rd1 exd4 18. Nxd4 Rg8 19. Kf1 Nf4 20. Qxd7+ Kxd7
21. g3 Bxd4 22. Rxd4 Ne6 23. Rd2 Nc5 24. Re2 Rab8 25. Nc3 c6 26. Na4 Nb3 27.
Rd1 Rb4 28. Re3 Rgb8 29. Nc3 Nc5 30. Rf3 Ke7 31. Ne2 Ne6 32. g4 Rxc4 33. Ng3
Rxb2 34. Nf5+ Kd7 35. Nxd6 Rd4 36. Rxd4 Nxd4 37. Rxf6 a5 38. Nf5 Ne2 39. Rxf7+
Ke6 40. Re7+ Kf6 41. h4 1-0

[Event "Monarch Assurance Isle of Man 16th"]
[Site "Port Erin"]
[Date "2007.09.23"]
[Round "2.6"]
[White "Kotronias, Vasilios"]
[Black "Hebden, Mark"]
[Result "1-0"]
[WhiteElo "2602"]
[BlackElo "2540"]
[PlyCount "172"]
[EventDate "2007.09.22"]
[EventType "swiss"]
[EventRounds "9"]
[EventCountry "IOM"]

1. e4 e5 2. Nf3 Nc6 3. Bb5 a6 4. Ba4 Nf6 5. O-O Be7 6. Re1 b5 7. Bb3 O-O 8. c3
d6 9. h3 Na5 10. Bc2 c5 11. d4 Qc7 12. Nbd2 cxd4 13. cxd4 Rd8 14. Nf1 exd4 15.
Ng3 Nc6 16. Bb3 d5 17. e5 Ne4 18. Nxe4 dxe4 19. Rxe4 d3 20. Bg5 Na5 21. e6 Bxe6
22. Bxe6 fxe6 23. Bxe7 Qxe7 24. Qe1 Nc4 25. b3 Na3 26. Rxe6 Qc5 27. Rd1 Qf5 28.
Re5 Qf4 29. Re7 Rd6 30. Re8+ Rxe8 31. Qxe8+ Qf8 32. Qe4 Qd8 33. Ng5 g6 34. Qe5
d2 35. Ne4 Rd4 36. Nf6+ Kf7 37. Ng4 Qd6 38. Nh6+ Kf8 39. Qh8+ Ke7 40. Qxh7+ Ke8
41. Qh8+ Kd7 42. Nf7 Qc5 43. Ne5+ Kc7 44. Nf3 Qc2 45. Qxd4 Qxd1+ 46. Kh2 Nb1
47. Qa7+ Kc6 48. Qxa6+ Kc5 49. Qa7+ Kb4 50. Qe7+ Kc3 51. Qf6+ Kb4 52. Qxg6 Qc1
53. Qd6+ Ka5 54. Nxd2 Nxd2 55. g4 Qe1 56. Qf4 Qe2 57. g5 Nf3+ 58. Kg3 Ne1 59.
a4 Qf1 60. Qd2+ Kb6 61. Qd8+ Kc5 62. Qf8+ Kc6 63. axb5+ Kxb5 64. Qf5+ Kc6 65.
Qe6+ Kb7 66. Qd5+ Kb6 67. Qd4+ Kb7 68. Qe4+ Kb6 69. f4 Qg1+ 70. Kh4 Qf2+ 71.
Kh5 Ng2 72. f5 Nf4+ 73. Kg4 Ne2 74. Qe6+ Kb7 75. Qe7+ Kc6 76. Qe5 Qg2+ 77. Kh5
Qf3+ 78. Kg6 Ng3 79. f6 Qd3+ 80. Kg7 Nf5+ 81. Kf8 Nd6 82. f7 Qxh3 83. Kg7 Nxf7
84. Kxf7 Qh7+ 85. Qg7 Qe4 86. Qf6+ Kd7 1-0

[Event "Monarch Assurance Isle of Man 16th"]
[Site "Port Erin"]
[Date "2007.09.23"]
[Round "2.7"]
[White "Kunin, Vitaly"]
[Black "Yakovich, Yuri"]
[Result "0-1"]
[WhiteElo "2507"]
[BlackElo "2597"]
[PlyCount "66"]
[EventDate "2007.09.22"]
[EventType "swiss"]
[EventRounds "9"]
[EventCountry "IOM"]

1. d4 Nf6 2. c4 e6 3. Nf3 d5 4. Nc3 dxc4 5. Qa4+ c6 6. Qxc4 b5 7. Qd3 Nbd7 8.
Bg5 Bb7 9. g3 a6 10. Bg2 c5 11. O-O c4 12. Qc2 b4 13. Nd1 Rc8 14. Qa4 Qb6 15.
Bxf6 gxf6 16. Ne3 Qb5 17. Qc2 Nb6 18. Ng4 f5 19. Nf6+ Ke7 20. Nh5 Bh6 21. d5
Bxd5 22. Nd4 Qc5 23. Rad1 Bxg2 24. Kxg2 Rhd8 25. Nf3 Qc6 26. Rxd8 Rxd8 27. Nf4
Bxf4 28. gxf4 Qe4 29. Qxe4 fxe4 30. Ne5 Rc8 31. f3 Nd5 32. Re1 f6 33. Ng4 e3
0-1

[Event "Monarch Assurance Isle of Man 16th"]
[Site "Port Erin"]
[Date "2007.09.23"]
[Round "2.8"]
[White "Malakhatko, Vadim"]
[Black "Horner, Jeff"]
[Result "1/2-1/2"]
[WhiteElo "2596"]
[BlackElo "2344"]
[PlyCount "53"]
[EventDate "2007.09.22"]
[EventType "swiss"]
[EventRounds "9"]
[EventCountry "IOM"]

1. d4 d5 2. Nf3 Bf5 3. c4 e6 4. Qb3 Nc6 5. Bd2 Rb8 6. e3 Nf6 7. a3 Be7 8. Be2
O-O 9. O-O Ne4 10. Rd1 Nxd2 11. Nbxd2 Na5 12. Qc3 Nxc4 13. Nxc4 dxc4 14. Ne5
Bf6 15. Qxc4 Qd6 16. Qc3 c5 17. Rac1 cxd4 18. exd4 Rbd8 19. f4 Be4 20. b4 h6
21. Bf3 Bxf3 22. Qxf3 Qb6 23. Rc5 Bxe5 24. fxe5 Rd7 25. h3 Qd8 26. Qf2 Rd5 27.
Rd3 1/2-1/2

[Event "Monarch Assurance Isle of Man 16th"]
[Site "Port Erin"]
[Date "2007.09.23"]
[Round "2.11"]
[White "Ashton, Adam"]
[Black "Kobalia, Mikhail"]
[Result "0-1"]
[WhiteElo "2295"]
[BlackElo "2634"]
[PlyCount "86"]
[EventDate "2007.09.22"]
[EventType "swiss"]
[EventRounds "9"]
[EventCountry "IOM"]

1. e4 c5 2. Nf3 e6 3. b3 b6 4. d4 cxd4 5. Nxd4 a6 6. Bb2 Bb7 7. Bd3 d6 8. Qe2
Nf6 9. Nc3 Be7 10. O-O-O Nbd7 11. g4 Nc5 12. g5 Nfd7 13. h4 b5 14. f4 Nxd3+ 15.
Rxd3 Nc5 16. Re3 O-O 17. Rg1 Re8 18. b4 Nd7 19. f5 e5 20. Nb3 Nb6 21. f6 Bf8
22. Na5 Qc7 23. fxg7 Bxg7 24. Rd3 Bc8 25. h5 Be6 26. Qd2 Rad8 27. g6 fxg6 28.
hxg6 h6 29. Nd5 Bxd5 30. exd5 Na4 31. Rh3 Nxb2 32. Kxb2 Rf8 33. Nc6 Rde8 34.
Kb1 Rf4 35. Qe2 Ref8 36. a3 R8f6 37. Rhg3 Qd7 38. Qe3 Kh8 39. Qb6 Qf5 40. R1g2
Rf1+ 41. Ka2 Qe4 42. Qd8+ Rf8 43. Qxd6 Qe1 0-1

[Event "Monarch Assurance Isle of Man 16th"]
[Site "Port Erin"]
[Date "2007.09.23"]
[Round "2.13"]
[White "Bannink, Bernard"]
[Black "Wells, Peter K"]
[Result "0-1"]
[WhiteElo "2271"]
[BlackElo "2517"]
[PlyCount "52"]
[EventDate "2007.09.22"]
[EventType "swiss"]
[EventRounds "9"]
[EventCountry "IOM"]

1. e4 c6 2. d4 d5 3. Nc3 dxe4 4. Nxe4 Nd7 5. Bd3 Ndf6 6. Ne2 Nxe4 7. Bxe4 Nf6
8. Bf3 g6 9. c4 Bg7 10. Bd2 O-O 11. Bc3 Qc7 12. O-O Rd8 13. Qc1 Bg4 14. Qe3 b5
15. b3 a5 16. Rac1 b4 17. Bb2 a4 18. bxa4 Rxa4 19. a3 bxa3 20. Bxa3 Bxf3 21.
Qxf3 e5 22. dxe5 Qxe5 23. Rfe1 Re8 24. Qb3 Ng4 25. f4 Qa5 26. Bb2 Qc5+ 0-1

[Event "Monarch Assurance Isle of Man 16th"]
[Site "Port Erin"]
[Date "2007.09.23"]
[Round "2.14"]
[White "Moiseenko, Alexander"]
[Black "Bentley, John L"]
[Result "1-0"]
[WhiteElo "2641"]
[BlackElo "2242"]
[PlyCount "85"]
[EventDate "2007.09.22"]
[EventType "swiss"]
[EventRounds "9"]
[EventCountry "IOM"]

1. d4 Nf6 2. c4 c5 3. d5 b5 4. cxb5 a6 5. e3 g6 6. Nc3 Bg7 7. a4 O-O 8. Nf3 d6
9. e4 axb5 10. Bxb5 Ba6 11. Bxa6 Nxa6 12. O-O Qb6 13. Qe2 Nc7 14. Nd2 Nd7 15.
Ra3 Qa6 16. Qxa6 Rxa6 17. Nc4 Rfa8 18. a5 Rb8 19. Bd2 Rb4 20. b3 Rb7 21. Rc1
Ne5 22. Kf1 Nd3 23. Rd1 Nb4 24. Ra4 Ra8 25. Ke2 Nc2 26. Nb6 Ra6 27. Kd3 Nb4+
28. Kc4 Na8 29. Nxa8 Rxa8 30. Na2 Na6 31. Rb1 Rc8 32. Kd3 Rcb8 33. Kc2 Rc8 34.
Bc3 Bxc3 35. Kxc3 Kf8 36. Nc1 e6 37. Nd3 Rcb8 38. dxe6 fxe6 39. Rb2 Ke7 40. h4
d5 41. exd5 exd5 42. Rf4 d4+ 43. Kc4 1-0

[Event "Monarch Assurance Isle of Man 16th"]
[Site "Port Erin"]
[Date "2007.09.23"]
[Round "2.15"]
[White "Gurevich, Mikhail"]
[Black "Grant, Alan"]
[Result "1-0"]
[WhiteElo "2633"]
[BlackElo "2223"]
[PlyCount "79"]
[EventDate "2007.09.22"]
[EventType "swiss"]
[EventRounds "9"]
[EventCountry "IOM"]

1. d4 Nf6 2. c4 e6 3. Nc3 Bb4 4. e3 b6 5. Nge2 Ne4 6. Qc2 Bb7 7. f3 Nxc3 8.
bxc3 Bf8 9. e4 d6 10. Ng3 Nd7 11. Be2 g6 12. O-O Bg7 13. f4 O-O 14. Be3 Qe7 15.
Qd2 Rae8 16. Rae1 f5 17. e5 d5 18. cxd5 exd5 19. c4 c6 20. cxd5 cxd5 21. Rc1
Rc8 22. Qb2 Rfd8 23. Qb3 Qe6 24. Bf3 Bf8 25. Rxc8 Rxc8 26. Ne2 Rc4 27. g4 Bc6
28. Qd3 b5 29. gxf5 Qxf5 30. Qxf5 gxf5 31. Ng3 Rc3 32. Nxf5 Nb6 33. e6 Nc8 34.
Bh5 Ne7 35. Bf7+ Kh8 36. Bd2 Rd3 37. Bb4 Nxf5 38. Bxf8 Re3 39. Rc1 Nxd4 40. Bc5
1-0

[Event "Monarch Assurance Isle of Man 16th"]
[Site "Port Erin"]
[Date "2007.09.23"]
[Round "2.18"]
[White "Pavlovic, Milos"]
[Black "Jackson, Oliver A"]
[Result "0-1"]
[WhiteElo "2541"]
[BlackElo "2198"]
[PlyCount "84"]
[EventDate "2007.09.22"]
[EventType "swiss"]
[EventRounds "9"]
[EventCountry "IOM"]

1. Nf3 d6 2. d4 Bg4 3. c4 Nd7 4. Nc3 e5 5. e4 Bxf3 6. gxf3 Ngf6 7. Be3 g6 8.
Qd2 Bg7 9. O-O-O exd4 10. Bxd4 O-O 11. Be2 a6 12. Kb1 c6 13. Be3 b5 14. Qxd6
Qa5 15. e5 Nxe5 16. Qxe5 Nd5 17. Qxg7+ Kxg7 18. cxd5 b4 19. Ne4 cxd5 20. Bd4+
f6 21. Nc5 Rfe8 22. Bd3 Qc7 23. Nxa6 Qa5 24. Nc5 Qxa2+ 25. Kc2 b3+ 26. Kc3 Qa5+
27. Kxb3 Rec8 28. Ra1 Qb6+ 29. Kc2 Rxc5+ 30. Bxc5 Qxc5+ 31. Kb1 Rxa1+ 32. Kxa1
Qxf2 33. Rd1 Qxf3 34. Bc2 Qe2 35. Bb3 Qxh2 36. Rxd5 h5 37. Bd1 h4 38. b4 Qg2
39. Rd7+ Kh6 40. b5 h3 41. b6 Qa8+ 42. Ra7 Qd5 0-1

[Event "Monarch Assurance Isle of Man 16th"]
[Site "Port Erin"]
[Date "2007.09.23"]
[Round "2.20"]
[White "Yeo, Michael J"]
[Black "Haslinger, Stewart"]
[Result "0-1"]
[WhiteElo "2153"]
[BlackElo "2468"]
[PlyCount "50"]
[EventDate "2007.09.22"]
[EventType "swiss"]
[EventRounds "9"]
[EventCountry "IOM"]

1. e4 e5 2. Nf3 Nc6 3. Bc4 Bc5 4. b4 Bxb4 5. c3 Be7 6. d4 Na5 7. Be2 exd4 8.
Qxd4 d6 9. Qxg7 Bf6 10. Qg3 Qe7 11. O-O Qxe4 12. Nd4 Be5 13. Bd3 Bxg3 14. Bxe4
Be5 15. Nb5 Kd8 16. Bg5+ Bf6 17. Be3 Nc4 18. Bd5 Be6 19. Bxb7 Rb8 20. Bc6 Nxe3
21. fxe3 Rb6 22. Rxf6 Nxf6 23. Nd4 Bd5 24. Bxd5 Nxd5 25. e4 Re8 0-1

[Event "Monarch Assurance Isle of Man 16th"]
[Site "Port Erin"]
[Date "2007.09.23"]
[Round "2.21"]
[White "Abergel, Thal"]
[Black "Troyke, Doreen"]
[Result "1-0"]
[WhiteElo "2512"]
[BlackElo "2151"]
[PlyCount "107"]
[EventDate "2007.09.22"]
[EventType "swiss"]
[EventRounds "9"]
[EventCountry "IOM"]

1. e4 c5 2. Nf3 d6 3. d4 cxd4 4. Nxd4 Nf6 5. Nc3 a6 6. Bc4 e6 7. Bb3 Be7 8. Qf3
O-O 9. Bg5 Qc7 10. O-O Nc6 11. Rad1 Rd8 12. Rfe1 Bd7 13. Qg3 Nxd4 14. Rxd4 Bc6
15. Red1 Nh5 16. Qh4 Bxg5 17. Qxg5 Nf6 18. Qd2 Rd7 19. Rxd6 Rxd6 20. Qxd6 Qxd6
21. Rxd6 Bxe4 22. Nxe4 Nxe4 23. Rd4 Nf6 24. Rb4 Rd8 25. Kf1 Rd7 26. Ke2 h6 27.
a4 g6 28. a5 Kg7 29. Ba4 Rc7 30. Kd3 Rc5 31. Rxb7 Rxa5 32. Bb3 Nd5 33. g3 Kf6
34. h4 g5 35. hxg5+ hxg5 36. c4 Ne7 37. Bc2 Nc6 38. Kc3 Ra1 39. b4 Ra3+ 40. Bb3
Ra1 41. Rc7 Ne7 42. Rd7 Rf1 43. Rd2 Ke5 44. Ra2 g4 45. Ra5+ Ke4 46. Bc2+ Kf3
47. Rxa6 Rxf2 48. b5 Kxg3 49. b6 Nc6 50. Be4 Nb8 51. Ra8 Kf4 52. Bc2 Nd7 53. b7
g3 54. Rd8 1-0

[Event "Monarch Assurance Isle of Man 16th"]
[Site "Port Erin"]
[Date "2007.09.23"]
[Round "2.22"]
[White "Almond, Richard J"]
[Black "Paehtz, Elisabeth"]
[Result "1/2-1/2"]
[WhiteElo "2101"]
[BlackElo "2457"]
[PlyCount "107"]
[EventDate "2007.09.22"]
[EventType "swiss"]
[EventRounds "9"]
[EventCountry "IOM"]

1. d4 e6 2. c4 b6 3. a3 Bb7 4. Nc3 f5 5. d5 Nf6 6. g3 g6 7. Bg2 Bg7 8. Nh3 Na6
9. O-O O-O 10. Qc2 c6 11. Bf4 Re8 12. dxe6 dxe6 13. Rad1 Qc8 14. Be5 Nc5 15.
Bd6 Ncd7 16. e4 Ng4 17. Rfe1 Nge5 18. b3 Nf7 19. Bf4 h6 20. Be3 c5 21. f3 Nde5
22. f4 Nc6 23. e5 Bf8 24. Rd2 Nd4 25. Bxd4 cxd4 26. Nb5 a6 27. Nxd4 Bxg2 28.
Kxg2 Qb7+ 29. Kg1 Bxa3 30. Rd3 Bc5 31. Qg2 Qc7 32. Nf2 Rad8 33. Red1 Rd7 34.
Nc6 Rxd3 35. Rxd3 Rc8 36. Nd4 Qd7 37. Qf3 Bxd4 38. Kf1 Rd8 39. Qd1 h5 40. Nh3
Nh6 41. Ng5 Ng4 42. Qd2 Qc6 43. Nf3 Rd7 44. Nxd4 Qh1+ 45. Ke2 Nxh2 46. Qe3 Qf1+
47. Kd2 Qa1 48. Ke2 Qf1+ 49. Kd2 Kf7 50. Kc2 Qa1 51. Nc6 Qa2+ 52. Kc3 Qa1+ 53.
Kc2 Qa2+ 54. Kc3 1/2-1/2

[Event "Monarch Assurance Isle of Man 16th"]
[Site "Port Erin"]
[Date "2007.09.23"]
[Round "2.24"]
[White "Tate, Alan"]
[Black "Casper, Thomas"]
[Result "1-0"]
[WhiteElo "2053"]
[BlackElo "2421"]
[PlyCount "76"]
[EventDate "2007.09.22"]
[EventType "swiss"]
[EventRounds "9"]
[EventCountry "IOM"]

1. e4 e6 2. d4 d5 3. Nd2 c5 4. Ngf3 Nc6 5. c3 Nf6 6. Bd3 Be7 7. O-O O-O 8. e5
Nd7 9. Re1 f6 10. exf6 Nxf6 11. Ne5 cxd4 12. Nxc6 bxc6 13. cxd4 c5 14. Nf3 Qb6
15. b3 cxd4 16. Bb2 Bc5 17. Ne5 a5 18. a3 Rb8 19. b4 axb4 20. axb4 Bxb4 21.
Bxd4 Qd6 22. Re3 Bc5 23. Bxc5 Qxc5 24. Rc1 Qd6 25. Rc6 Qb4 26. Rg3 Rb7 27. Ba6
Rb8 28. Bd3 Qa5 29. h4 Ra8 30. Kh2 Qb4 31. Rc7 Qxh4+ 32. Kg1 Nh5 33. Rg4 Qxf2+
34. Kh2 Qf6 35. Qe2 g6 36. Nxg6 hxg6 37. Rxg6+ Qxg6 38. Bxg6 Nf4 {time} 1-0